000 00898cam a2200229 4500
001 WB3743-11
008 011113n2001 000 0 eng u
035 _a(Sirsi) u115585
245 _aForecasting company tracks indices
260 _c2001
490 _aProperty Week
_v66(45) 9 November 2001, 20(1)
520 _aTechnical Forecasts is launching IndexEye, a forecasting service for the key commercial property indices covering rents, capital values and yields. Technical Forecasts plans to start forecasting the IPD indices, and over time incorporate the Insignia Richard Ellis and CB Hillier Parker indices.
590 _aWB
650 _aIPD
650 _aFORECASTS
650 _aINVESTMENT PROPERTY DATABANK
650 _aCOMMERCIAL PROPERTY INDICES
650 _aCB HILLIER PARKER
650 _aINSIGNIA RICHARD ELLIS
690 _aPROPERTY-COMMERCIAL PROPERTY
942 _n0
999 _c68839
_d68839